Status of Implementation of Pantawid Pamilyang Pilipino Program (4P's) of Department of Social Welfare and Development in Barangay Puray, Rodriguez, Rizal/ (Record no. 77727)
[ view plain ]
| 000 -LEADER | |
|---|---|
| fixed length control field | 02061nam a22002657a 4500 |
| 003 - CONTROL NUMBER IDENTIFIER | |
| control field | URS |
| 005 - DATE AND TIME OF LATEST TRANSACTION | |
| control field | 20240416181803.0 |
| 008 - FIXED-LENGTH DATA ELEMENTS--GENERAL INFORMATION | |
| fixed length control field | 240131b |||||||| |||| 00| 0 eng d |
| 050 00 - LIBRARY OF CONGRESS CALL NUMBER | |
| Classification number | LG 221.R59 C8892 |
| Item number | 2013 |
| 100 1# - MAIN ENTRY--PERSONAL NAME | |
| Personal name | Cruz, Marlon A. |
| Relator term | Researcher |
| 245 10 - TITLE STATEMENT | |
| Title | Status of Implementation of Pantawid Pamilyang Pilipino Program (4P's) of Department of Social Welfare and Development in Barangay Puray, Rodriguez, Rizal/ |
| Statement of responsibility, etc. | Cruz, Marlon A. , De Soledad, Laarni S. , Sabandal, Zairon S. |
| 260 #1 - PUBLICATION, DISTRIBUTION, ETC. | |
| Date of publication, distribution, etc. | 2013 |
| 300 ## - PHYSICAL DESCRIPTION | |
| Extent | xi, 48 leaves |
| Other physical details | illustration |
| Dimensions | 28 cm |
| 336 ## - CONTENT TYPE | |
| Source | rda content |
| Content type term | text |
| 337 ## - MEDIA TYPE | |
| Source | rda media |
| Media type term | unmediated |
| 338 ## - CARRIER TYPE | |
| Source | rda carrier |
| Carrier type term | volume |
| 502 ## - DISSERTATION NOTE | |
| Dissertation note | UGTHESIS |
| Degree type | bachelor of Science in Community Development |
| Name of granting institution | University of Rizal System, Rodriguez, Rizal |
| 520 ## - SUMMARY, ETC. | |
| Summary, etc. | The study aimed to determine the Status of Implementation of Pantawid Pamilyang Pilipino Program (4P's) of DSWD in Brgy. Puray Rodriguez Rizal. This research was undertaken to seek response to the following problems: Determine the profile of the respondents in terms of age, number of children, and number of years as beneficiary, the status of implementation of Pantawid Pamilyang Pilipino Program as perceived by the respondents in terms of: Conditionalities, Benefits and the significant difference on the perceptions of the respondents in the Status of Implementation of Pantawid Pamilyang Pilipino Program (4Ps) of DSWD in Brgy. Puray Rodriguez Rizal when they are grouped according to their number of children. This study utilized the descriptive method of research which attempts to describe situation and problem. In view of this, the researchers conducted the study on the Status of Implementation of Pantawid Pamilyang Pilipino Program (4Ps)of DSWD in Brgy. Puray Rodriguez Rizal. |
| 650 ## - SUBJECT ADDED ENTRY--TOPICAL TERM | |
| Source of heading or term | 4P's |
| 700 ## - ADDED ENTRY--PERSONAL NAME | |
| Personal name | De Soledad, Laarni S. |
| Relator term | Researcher |
| 700 ## - ADDED ENTRY--PERSONAL NAME | |
| Personal name | Sabandal, Zairon S. |
| Relator term | Researcher |
| 700 ## - ADDED ENTRY--PERSONAL NAME | |
| Personal name | Alarte, Victoria H. |
| Relator term | Adviser |
| 856 ## - ELECTRONIC LOCATION AND ACCESS | |
| Materials specified | Online Request for Student Unpublished Works |
| Uniform Resource Identifier | <a href="https://forms.gle/7LqvGGkaDrUQqz429">https://forms.gle/7LqvGGkaDrUQqz429</a> |
| 942 ## - ADDED ENTRY ELEMENTS (KOHA) | |
| Source of classification or shelving scheme | Library of Congress Classification |
| Koha item type | Theses and dissertations |
No items available.